[Event "Oberliga Ost-B 1415"]
[Site "Germany"]
[Date "2015.02.21"]
[Round "9.5"]
[White "Heyder, Florian"]
[Black "Maric, Davor"]
[Result "1-0"]
[WhiteElo "2175"]
[BlackElo "2305"]
[PlyCount "69"]
[EventDate "2014.09.21"]
[EventType "team-tourn"]
[EventRounds "11"]
[EventCountry "GER"]
[SourceTitle "EXT 2016"]
[Source "ChessBase"]
[SourceDate "2015.10.08"]
[SourceVersion "1"]
[SourceVersionDate "2015.10.08"]
[SourceQuality "1"]
[WhiteTeam "Sangerhausen"]
[BlackTeam "Kassel"]
[WhiteTeamCountry "GER"]
[BlackTeamCountry "GER"]

1. e4 e5 2. Nf3 Nc6 3. Bb5 Bc5 4. c3 Nf6 5. d4 Bb6 6. Nxe5 Qe7 7. Bxc6 bxc6 8. 0-0 Nxe4 9. Re1 d5 10. Nd2 0-0 11. Nxc6 Qd6 12. Nxe4 Qxc6 13. Ng3 Bd7 14. Bf4 h6 15. Qd3 Rae8 16. b3 Qf6 17. Be5 Qg5 18. Nf1 f6 19. Bg3 h5 20. h4 Qh6 21. a4 a5 22. Ne3 Be6 23. Qb5 Rd8 24. Qc6 f5 25. Ng4 hxg4 26. Rxe6 Qh5 27. Bxc7 Bxc7 28. Qxc7 Qxh4 29. g3 Qg5 30. Rae1 Rc8 31. Qxa5 f4 32. R1e5 Rf5 33. Qxd5 Rd8 34. Re8+ Kh7 35. Qxd8 1-0

[Event "Oberliga Ost-B 1415"]
[Site "Germany"]
[Date "2014.09.21"]
[Round "1.5"]
[White "Rudnizki, Sergej"]
[Black "Maric, Davor"]
[Result "1-0"]
[WhiteElo "2139"]
[BlackElo "2305"]
[PlyCount "115"]
[EventDate "2014.09.21"]
[EventType "team-tourn"]
[EventRounds "11"]
[EventCountry "GER"]
[SourceTitle "EXT 2016"]
[Source "ChessBase"]
[SourceDate "2015.10.08"]
[SourceVersion "1"]
[SourceVersionDate "2015.10.08"]
[SourceQuality "1"]
[WhiteTeam "Erfurt Empor"]
[BlackTeam "Kassel"]
[WhiteTeamCountry "GER"]
[BlackTeamCountry "GER"]

1. e4 e5 2. Nf3 Nc6 3. Bb5 Bc5 4. 0-0 Nd4 5. Ba4 Qf6 6. c3 Nxf3+ 7. Qxf3 Qxf3 8. gxf3 Ne7 9. f4 f6 10. d3 0-0 11. Bb3+ Kh8 12. Be3 d6 13. d4 Bb6 14. Nd2 Bh3 15. Rfe1 exd4 16. Bxd4 Bxd4 17. cxd4 f5 18. e5 Ng6 19. Rac1 dxe5 20. fxe5 c6 21. Nc4 Nh4 22. Rc3 Bg4 23. Nd6 Nf3+ 24. Rxf3 Bxf3 25. Nf7+ Rxf7 26. Bxf7 f4 27. e6 Bd5 28. Re5 Bxa2 29. d5 Bxd5 30. Rxd5 cxd5 31. e7 g5 32. e8Q+ Rxe8 33. Bxe8 Kg7 34. f3 Kf6 35. Kf2 Ke5 36. Ke2 Kd4 37. Kd2 Kc4 38. Bd7 b5 39. Kc2 a5 40. h3 b4 41. b3+ Kd4 42. Kd2 h6 43. Be8 Ke5 44. Kd3 d4 45. Bf7 Kf6 46. Be8 Ke5 47. Bf7 Kf6 48. Be8 Ke7 49. Bb5 h5 50. Kxd4 Kf6 51. Be8 g4 52. fxg4 hxg4 53. hxg4 Kg5 54. Bc6 Kxg4 55. Kc4 f3 56. Kb5 f2 57. Bg2 a4 58. Kxa4 1-0

[Event "Oberliga Ost-B 1314"]
[Site "Germany"]
[Date "2014.01.19"]
[Round "7.2"]
[White "Derichs, Roger"]
[Black "Maric, Davor"]
[Result "1-0"]
[WhiteElo "2306"]
[BlackElo "2315"]
[PlyCount "147"]
[EventDate "2013.10.13"]
[EventType "team-tourn"]
[EventRounds "11"]
[EventCountry "GER"]
[SourceTitle "EXT 2015"]
[Source "ChessBase"]
[SourceDate "2014.11.20"]
[SourceVersion "1"]
[SourceVersionDate "2014.11.20"]
[SourceQuality "1"]
[WhiteTeam "Giessen"]
[BlackTeam "Kassel"]
[WhiteTeamCountry "GER"]
[BlackTeamCountry "GER"]

1. c4 Nf6 2. Nf3 g6 3. b4 Bg7 4. Bb2 0-0 5. g3 d6 6. Bg2 e5 7. 0-0 Nc6 8. b5 Ne7 9. d3 Nd7 10. Nc3 Nc5 11. Nd2 a6 12. a4 c6 13. Qc2 Qc7 14. Nb3 Ne6 15. bxc6 bxc6 16. a5 Nd4 17. Nxd4 exd4 18. Na4 Be6 19. Nb6 Rad8 20. c5 d5 21. Ra4 Nf5 22. Re1 Rfe8 23. Qc1 h5 24. Bh3 Bh6 25. Qa1 Bd2 26. Rd1 Bc3 27. Bg2 Bxb2 28. Qxb2 h4 29. g4 Nh6 30. h3 f5 31. g5 Nf7 32. Qxd4 Bc8 33. e3 Nxg5 34. Qf6 Nh7 35. Qxg6+ Kh8 36. Rxh4 Qe7 37. Qh6 Rg8 38. Kh1 Rg7 39. d4 Be6 40. Qf4 Kg8 41. Rh6 Ng5 42. Qh4 Kf8 43. Rg1 Nf7 44. Rh7 Qxh4 45. Rxh4 Ke7 46. Bf1 Rxg1+ 47. Kxg1 Rg8+ 48. Kh2 Ng5 49. Rf4 Bf7 50. Bxa6 Ne6 51. Be2 Nxf4 52. exf4 Be6 53. a6 Bc8 54. a7 Bb7 55. Ba6 Bxa6 56. a8Q Rxa8 57. Nxa8 Kf6 58. Nb6 Kg6 59. Kg3 Kh5 60. Nd7 Bb5 61. Ne5 Ba4 62. Nd3 Bd1 63. Ne1 Ba4 64. Kh2 Bb5 65. Ng2 Bd3 66. Ne3 Kh4 67. Ng2+ Kh5 68. Kg3 Bf1 69. Nh4 Bd3 70. Nf3 Be2 71. Ne5 Bb5 72. Nf7 Bc4 73. Nd6 Bd3 74. Nc8 1-0

[Event "Oberliga Ost-B 1314"]
[Site "Germany"]
[Date "2013.11.09"]
[Round "2.2"]
[White "Zuyev, Igor"]
[Black "Maric, Davor"]
[Result "1-0"]
[WhiteElo "2345"]
[BlackElo "2315"]
[PlyCount "125"]
[EventDate "2013.10.13"]
[EventType "team-tourn"]
[EventRounds "11"]
[EventCountry "GER"]
[SourceTitle "EXT 2015"]
[Source "ChessBase"]
[SourceDate "2014.11.20"]
[SourceVersion "1"]
[SourceVersionDate "2014.11.20"]
[SourceQuality "1"]
[WhiteTeam "Heusenstamm"]
[BlackTeam "Kassel"]
[WhiteTeamCountry "GER"]
[BlackTeamCountry "GER"]

1. e4 e5 2. Nf3 d6 3. d4 exd4 4. Nxd4 Nf6 5. Nc3 Be7 6. Bf4 0-0 7. Qd2 a6 8. 0-0-0 b5 9. f3 c5 10. Nf5 Bxf5 11. exf5 Nc6 12. g4 b4 13. Nd5 Nxd5 14. Qxd5 Bg5 15. Bxg5 Qxg5+ 16. Kb1 Nd4 17. Bc4 Qf4 18. Qe4 Qxe4 19. fxe4 Rfe8 20. Bd5 Ra7 21. Rhf1 Kf8 22. Rd3 f6 23. a3 bxa3 24. Rxa3 Nb5 25. Raf3 Nc7 26. Bc6 Rd8 27. Rd1 a5 28. Rh3 h6 29. Rb3 Ra6 30. Ba4 Ra7 31. Rb6 Ke7 32. Kc1 Na6 33. h4 Nc7 34. Rd2 Na8 35. Rc6 Nc7 36. c3 Rb7 37. Kd1 Ra7 38. Kc2 Rb7 39. Kc1 Ra7 40. Rg2 Rb7 41. g5 hxg5 42. hxg5 fxg5 43. Rxg5 Kf7 44. Bb3+ Kf6 45. Rg6+ Ke5 46. Bc2 Ne8 47. Re6+ Kf4 48. e5 dxe5 49. Rxc5 Nf6 50. Rexe5 Rh8 51. Re1 Ra7 52. Rc4+ Kf3 53. Rd4 Re8 54. Rg1 Rae7 55. Bd1+ Kf2 56. Rg6 Re1 57. Rd3 Rh1 58. Rd2+ Kf1 59. Bf3 Re1+ 60. Kc2 Rh4 61. Bg2+ Kg1 62. Be4+ Ng4 63. Bf3 1-0

[Event "BL2-Nord 1213"]
[Site "Germany"]
[Date "2013.04.14"]
[Round "9.1"]
[White "Schmidt, Harald"]
[Black "Maric, Davor"]
[Result "1-0"]
[WhiteElo "2365"]
[BlackElo "2351"]
[PlyCount "67"]
[EventDate "2012.10.14"]
[EventType "team-tourn"]
[EventRounds "9"]
[EventCountry "GER"]
[SourceTitle "CBM 154 Extra"]
[Source "ChessBase"]
[SourceDate "2013.06.25"]
[SourceVersion "2"]
[SourceVersionDate "2013.06.25"]
[SourceQuality "1"]
[WhiteTeam "Luebeck"]
[BlackTeam "Kassel"]
[WhiteTeamCountry "GER"]
[BlackTeamCountry "GER"]

1. d4 Nf6 2. c4 g6 3. Nc3 Bg7 4. e4 d6 5. f4 c5 6. dxc5 Qa5 7. Bd3 Nfd7 8. Nge2 Qxc5 9. Nd5 Nf6 10. b4 Qc6 11. Bb2 Bg4 12. Rc1 Kf8 13. Qd2 Nbd7 14. Nd4 Qc8 15. 0-0 Be6 16. Ne3 Nb6 17. f5 Bd7 18. c5 dxc5 19. e5 Ng8 20. Rxc5 Qb8 21. Ne6+ Bxe6 22. fxe6 f6 23. Qc2 a6 24. Rc7 Bh6 25. Ng4 Nd5 26. Rd7 Nxb4 27. Qc5 Nxd3 28. Rxd3 f5 29. Nxh6 Nxh6 30. Rd7 Qe8 31. Ba3 Rc8 32. Qe3 Ng4 33. Qg5 h6 34. Qxg4 1-0

[Event "BL2-Nord 1213"]
[Site "Germany"]
[Date "2013.02.03"]
[Round "6.1"]
[White "Maric, Davor"]
[Black "Bracker, Frank"]
[Result "1/2-1/2"]
[WhiteElo "2351"]
[BlackElo "2364"]
[PlyCount "80"]
[EventDate "2012.10.14"]
[EventType "team-tourn"]
[EventRounds "9"]
[EventCountry "GER"]
[SourceTitle "CBM 154 Extra"]
[Source "ChessBase"]
[SourceDate "2013.06.25"]
[SourceVersion "2"]
[SourceVersionDate "2013.06.25"]
[SourceQuality "1"]
[WhiteTeam "Kassel"]
[BlackTeam "Hamburger SK II"]
[WhiteTeamCountry "GER"]
[BlackTeamCountry "GER"]

1. e4 c5 2. Nf3 d6 3. c3 Nf6 4. Bd3 Bg4 5. h3 Bxf3 6. Qxf3 Nc6 7. 0-0 g6 8. Re1 Bg7 9. Bf1 0-0 10. Na3 Rb8 11. Nc2 Nd7 12. d3 b5 13. Be3 b4 14. d4 bxc3 15. bxc3 Qa5 16. e5 Rfc8 17. exd6 Qxc3 18. dxe7 cxd4 19. Bf4 Qxf3 20. gxf3 Nde5 21. Kg2 d3 22. Bxd3 Nxd3 23. Bxb8 Nxe7 24. Rxe7 Bxa1 25. Nxa1 Rxb8 26. Nb3 a6 27. Rd7 Nb4 28. Nc5 Rc8 29. a3 Nc2 30. Nxa6 Nxa3 31. Nc7 Nc4 32. Nd5 Ra8 33. f4 Kg7 34. Ne3 Rc8 35. Nxc4 Rxc4 36. Kg3 Rc3+ 37. f3 Rc6 38. Rd4 Kh6 39. Re4 Rc7 40. Re5 f5 1/2-1/2

[Event "BL2-Nord 1213"]
[Site "Germany"]
[Date "2013.01.13"]
[Round "5.2"]
[White "Maric, Davor"]
[Black "Schuetze, Norman"]
[Result "1-0"]
[WhiteElo "2351"]
[BlackElo "2255"]
[PlyCount "109"]
[EventDate "2012.10.14"]
[EventType "team-tourn"]
[EventRounds "9"]
[EventCountry "GER"]
[SourceTitle "CBM 154 Extra"]
[Source "ChessBase"]
[SourceDate "2013.06.25"]
[SourceVersion "2"]
[SourceVersionDate "2013.06.25"]
[SourceQuality "1"]
[WhiteTeam "Kassel"]
[BlackTeam "Loeberitz"]
[WhiteTeamCountry "GER"]
[BlackTeamCountry "GER"]

1. e4 c5 2. Nf3 d6 3. Bc4 Nf6 4. d3 Nc6 5. c3 g6 6. Bb3 Bg7 7. 0-0 0-0 8. Re1 b6 9. Nbd2 Ba6 10. Nf1 Ne5 11. Bc2 Qd7 12. h3 Rac8 13. N3h2 Nc6 14. Bg5 h6 15. Bh4 Nh5 16. Ne3 Ne5 17. Nd5 Rfe8 18. f4 e6 19. fxe5 exd5 20. exd6 Qxd6 21. Qf3 Qf4 22. Qxf4 Nxf4 23. Bg3 Nh5 24. Bf2 dxe4 25. dxe4 Nf4 26. Rad1 Rcd8 27. Rxd8 Rxd8 28. Be3 Ne6 29. Nf3 Kf8 30. Kf2 h5 31. e5 Bb7 32. Bc1 c4 33. b4 cxb3 34. axb3 Nc5 35. Nd4 Re8 36. Bf4 Ne6 37. Bg3 Nxd4 38. cxd4 Bd5 39. Ra1 a5 40. Bf4 Rc8 41. Bd1 Ke7 42. Bd2 f6 43. b4 fxe5 44. bxa5 e4 45. Be3 b5 46. a6 b4 47. a7 Ra8 48. Ra5 Ke6 49. Ra6+ Kf7 50. Rd6 Ba2 51. Rd7+ Kg8 52. Bc2 b3 53. Bxe4 Rf8+ 54. Ke2 b2 55. Rb7 1-0

[Event "BL2-Nord 1213"]
[Site "Germany"]
[Date "2012.11.25"]
[Round "3.2"]
[White "Maric, Davor"]
[Black "Brodowski, Piotr"]
[Result "1/2-1/2"]
[WhiteElo "2351"]
[BlackElo "2410"]
[PlyCount "125"]
[EventDate "2012.10.14"]
[EventType "team-tourn"]
[EventRounds "9"]
[EventCountry "GER"]
[SourceTitle "CBM 154 Extra"]
[Source "ChessBase"]
[SourceDate "2013.06.25"]
[SourceVersion "2"]
[SourceVersionDate "2013.06.25"]
[SourceQuality "1"]
[WhiteTeam "Kassel"]
[BlackTeam "Berlin Zehlendorf"]
[WhiteTeamCountry "GER"]
[BlackTeamCountry "GER"]

1. e4 g6 2. d4 Bg7 3. Nf3 c5 4. dxc5 Qa5+ 5. c3 Qxc5 6. Na3 d6 7. Nb5 a6 8. Be3 Qc6 9. Na7 Qc7 10. Nxc8 Qxc8 11. Qb3 Nf6 12. e5 dxe5 13. Nxe5 0-0 14. Be2 Qc7 15. Nxf7 Rxf7 16. Bc4 e5 17. Rd1 Nc6 18. Bb6 Qe7 19. 0-0 Raf8 20. Rd2 Bh6 21. Rd3 Kh8 22. Bxf7 Qxf7 23. Qxf7 Rxf7 24. Rfd1 Bf8 25. b4 Kg8 26. a4 e4 27. R3d2 Ne5 28. Rd8 Nd3 29. f3 Nb2 30. Rf1 Rd7 31. Rc8 Nxa4 32. fxe4 Rf7 33. Bd4 Nxe4 34. c4 Rxf1+ 35. Kxf1 Nd6 36. Rb8 Nxc4 37. Rxb7 Na3 38. Rb8 Nb5 39. Be3 Kf7 40. Ra8 Nc7 41. Rd8 Nb5 42. Ra8 Nc7 43. Rd8 Ne6 44. Rd7+ Kf6 45. Bd2 Nb6 46. Rxh7 Nd5 47. Rh4 Ke5 48. Rg4 Bxb4 49. Rxb4 Nxb4 50. Bxb4 Kd5 51. Kf2 Ke4 52. Kg3 Kf5 53. h3 g5 54. Bc3 Nc5 55. Kf3 Nd3 56. g4+ Ke6 57. Bd2 Kf6 58. Bc3+ Ke6 59. Bd4 Kd5 60. Bf6 Ne5+ 61. Ke3 Nf7 62. Kd3 a5 63. Kc3 1/2-1/2

[Event "Oberliga Ost-B 1112"]
[Site "Germany"]
[Date "2011.12.11"]
[Round "5.1"]
[White "Koelsch, Maximilian"]
[Black "Maric, Davor"]
[Result "0-1"]
[WhiteElo "2194"]
[BlackElo "2319"]
[PlyCount "98"]
[EventDate "2011.10.02"]
[EventType "team-tourn"]
[EventRounds "11"]
[EventCountry "GER"]
[SourceTitle "EXT 2013"]
[Source "ChessBase"]
[SourceDate "2012.11.22"]
[SourceVersion "1"]
[SourceVersionDate "2012.11.22"]
[SourceQuality "1"]
[WhiteTeam "Jena Schott"]
[BlackTeam "Kassel"]
[WhiteTeamCountry "GER"]
[BlackTeamCountry "GER"]

1. Nf3 Nf6 2. c4 g6 3. g3 Bg7 4. Bg2 0-0 5. 0-0 d6 6. d4 Nbd7 7. Nc3 e5 8. e4 c6 9. h3 Qa5 10. Re1 exd4 11. Nxd4 Ne5 12. Nb3 Qc7 13. Qe2 Re8 14. f4 Ned7 15. Be3 a6 16. Rac1 b6 17. Bf2 Bb7 18. Qd2 Rad8 19. Rcd1 Bf8 20. a4 Qb8 21. Re3 b5 22. Na5 Ba8 23. cxb5 cxb5 24. axb5 axb5 25. b4 Nb6 26. Qd3 d5 27. Nxd5 Nbxd5 28. exd5 Rxe3 29. Bxe3 Bxb4 30. Nb3 Bxd5 31. Nc5 Ba5 32. Bxd5 Rxd5 33. Qb3 Rxd1+ 34. Qxd1 Qe8 35. Qd3 Bb6 36. Bf2 Qc6 37. Qa3 Qd6 38. Kf1 Qd1+ 39. Kg2 Qc2 40. Kf1 Qc4+ 41. Kg2 b4 42. Qa8+ Kg7 43. Qc6 Qd5+ 44. Qxd5 Nxd5 45. Kf3 f5 46. Ke2 Kf7 47. Kd3 b3 48. Bd4 Nb4+ 49. Kc4 Bxc5 0-1

[Event "Bayern-chI Bank Hofmann 15th"]
[Site "Bad Wiessee"]
[Date "2011.11.06"]
[Round "9"]
[White "Maric, Davor"]
[Black "Teske, Henrik"]
[Result "0-1"]
[WhiteElo "2319"]
[BlackElo "2547"]
[PlyCount "80"]
[EventDate "2011.10.29"]
[EventType "swiss"]
[EventRounds "9"]
[EventCountry "GER"]
[SourceTitle "EXT 2012"]
[Source "ChessBase"]
[SourceDate "2011.11.24"]
[SourceVersion "1"]
[SourceVersionDate "2011.11.24"]
[SourceQuality "1"]

1. e4 c5 2. Nf3 e6 3. b3 Nc6 4. Bb2 d6 5. d4 cxd4 6. Nxd4 Nf6 7. Bd3 Be7 8. Nxc6 bxc6 9. 0-0 0-0 10. c4 Nd7 11. Nc3 Nc5 12. Bc2 e5 13. b4 Rb8 14. a3 Ne6 15. Ne2 Qc7 16. Bd3 Nc5 17. Bc2 a5 18. Bc3 Na6 19. Rb1 d5 20. cxd5 axb4 21. axb4 Nxb4 22. Qd2 cxd5 23. exd5 Ba6 24. Rfc1 Nxc2 25. Rxb8 Rxb8 26. Qxc2 Rc8 27. Qd2 Qd6 28. Ng3 Bf8 29. Ne4 Qd8 30. Re1 f6 31. d6 Qd7 32. Qd5+ Qf7 33. Qa5 Bb7 34. Rd1 Qb3 35. Re1 Ra8 36. Qc7 Bxe4 37. d7 Bb7 38. Ba5 Qd5 39. f3 Be7 40. Rb1 Bd8 0-1

[Event "Oberliga Ost-B 1112"]
[Site "Germany"]
[Date "2011.10.02"]
[Round "1.1"]
[White "Donchenko, Alexander"]
[Black "Maric, Davor"]
[Result "1-0"]
[WhiteElo "2280"]
[BlackElo "2319"]
[PlyCount "109"]
[EventDate "2011.10.02"]
[EventType "team-tourn"]
[EventRounds "11"]
[EventCountry "GER"]
[SourceTitle "EXT 2013"]
[Source "ChessBase"]
[SourceDate "2012.11.22"]
[SourceVersion "1"]
[SourceVersionDate "2012.11.22"]
[SourceQuality "1"]
[WhiteTeam "Giessen"]
[BlackTeam "Kassel"]
[WhiteTeamCountry "GER"]
[BlackTeamCountry "GER"]

1. d4 Nf6 2. c4 g6 3. g3 Bg7 4. Bg2 0-0 5. Nf3 d6 6. 0-0 Nbd7 7. Nc3 e5 8. e4 c6 9. h3 Qb6 10. Re1 exd4 11. Nxd4 Ne8 12. Nb3 a5 13. Be3 Qb4 14. Nd4 a4 15. a3 Qa5 16. Qc2 Nef6 17. f4 Re8 18. Rad1 Nc5 19. Bf2 Nfd7 20. Kh2 Nb6 21. Bf1 Bd7 22. Nf3 Be6 23. Na2 f5 24. Ng5 Nxe4 25. Nxe4 fxe4 26. Rxd6 Nd7 27. Rxe4 Bf5 28. Rxe8+ Rxe8 29. Qd2 Qc7 30. c5 Nf6 31. Bc4+ Kf8 32. Nc3 Qe7 33. Bd4 b5 34. Ba2 Ne4 35. Bxg7+ Kxg7 36. Qd4+ Kh6 37. Nxe4 Qxe4 38. Qxe4 Rxe4 39. g4 Re2+ 40. Kg3 Be4 41. Rd7 g5 42. fxg5+ Kxg5 43. h4+ Kh6 44. Kf4 Rxb2 45. g5+ Kh5 46. Kxe4 Kxh4 47. Be6 Kxg5 48. Ke5 Re2+ 49. Kd6 h5 50. Rg7+ Kf4 51. Bd7 b4 52. axb4 a3 53. Bxc6 a2 54. Ra7 h4 55. Bd5 1-0

[Event "Hessenliga 1011"]
[Site "Germany"]
[Date "2011.01.23"]
[Round "5.2"]
[White "Dorst, Johannes"]
[Black "Maric, Davor"]
[Result "0-1"]
[WhiteElo "2180"]
[BlackElo "2290"]
[PlyCount "106"]
[EventDate "2010.09.26"]
[EventType "team-tourn"]
[EventRounds "9"]
[EventCountry "GER"]
[SourceTitle "EXT 2012"]
[Source "ChessBase"]
[SourceDate "2011.11.24"]
[SourceVersion "1"]
[SourceVersionDate "2011.11.24"]
[SourceQuality "1"]
[WhiteTeam "Marburg"]
[BlackTeam "Kassel"]
[WhiteTeamCountry "GER"]
[BlackTeamCountry "GER"]

1. e4 e5 2. Nf3 d6 3. d4 exd4 4. Nxd4 Nf6 5. Nc3 Be7 6. Bf4 0-0 7. Qd2 c6 8. 0-0-0 b5 9. f3 b4 10. Nce2 c5 11. Nf5 Bxf5 12. exf5 d5 13. g4 d4 14. Kb1 Nd5 15. Ng3 Nd7 16. Ne4 Qa5 17. g5 Nc3+ 18. Nxc3 bxc3 19. Qe2 Bd6 20. Bxd6 Rfb8 21. Bxb8 Rxb8 22. Ka1 cxb2+ 23. Kb1 Nb6 24. Qb5 Qxb5 25. Bxb5 Nd5 26. c4 Nc3+ 27. Kc2 a6 28. Bxa6 b1Q+ 29. Rxb1 Nxb1 30. a4 Na3+ 31. Kd3 Rb3+ 32. Ke4 Nc2 33. Rf1 Re3+ 34. Kf4 f6 35. g6 hxg6 36. fxg6 Nb4 37. Bb7 Ra3 38. Kf5 Rxa4 39. Re1 Kf8 40. Ke6 Ra7 41. Kd6 Rxb7 42. Re4 Na6 43. Re1 Rb8 44. Kd7 d3 45. Rd1 Nb4 46. Kd6 Rd8+ 47. Kxc5 Nc2 48. Rd2 Ne3 49. Kb4 Nf1 50. Rd1 d2 51. Kc3 Ne3 52. Rxd2 Rxd2 53. Kxd2 Nxc4+ 0-1

[Event "Hessenliga 0910"]
[Site "Germany"]
[Date "2009.10.04"]
[Round "2.1"]
[White "Maric, Davor"]
[Black "Schwenkreis, Thomas"]
[Result "1-0"]
[WhiteElo "2278"]
[BlackElo "2092"]
[PlyCount "55"]
[EventDate "2009.09.20"]
[EventType "team-tourn"]
[EventRounds "9"]
[EventCountry "GER"]
[SourceTitle "EXT 2011"]
[Source "ChessBase"]
[SourceDate "2010.11.26"]
[SourceVersion "1"]
[SourceVersionDate "2010.11.26"]
[SourceQuality "1"]
[WhiteTeam "Kassel"]
[BlackTeam "Frankfurt BvK II"]
[WhiteTeamCountry "GER"]
[BlackTeamCountry "GER"]

1. e4 e5 2. Nf3 Nc6 3. Bc4 Bc5 4. 0-0 Nf6 5. d3 d6 6. c3 a6 7. Bb3 Bg4 8. h3 Bh5 9. Re1 h6 10. Nbd2 Nh7 11. g4 Bg6 12. Nf1 Ng5 13. Kg2 Nxf3 14. Qxf3 h5 15. Ng3 hxg4 16. hxg4 Qe7 17. Bd5 0-0-0 18. b4 Nxb4 19. cxb4 Bxb4 20. Bxb7+ Kxb7 21. Rb1 a5 22. a3 c5 23. Bd2 Rb8 24. axb4 axb4 25. Rec1 Ka6 26. Qd1 Qd7 27. Ra1+ Kb6 28. Bxb4 1-0

[Event "Bad Zwesten op 9th"]
[Site "Bad Zwesten"]
[Date "2005.01.07"]
[Round "8"]
[White "Zaragatski, Ilja"]
[Black "Maric, Davor"]
[Result "1/2-1/2"]
[WhiteElo "2344"]
[BlackElo "2151"]
[PlyCount "65"]
[EventDate "2005.01.02"]
[EventType "swiss"]
[EventRounds "9"]
[EventCountry "GER"]
[SourceTitle "CBM 104 Extra"]
[Source "ChessBase"]
[SourceDate "2005.03.01"]
[SourceVersion "1"]
[SourceVersionDate "2005.03.01"]
[SourceQuality "1"]

1. e4 e5 2. Nf3 Nc6 3. Bb5 Bc5 4. c3 Nf6 5. 0-0 0-0 6. d4 Bb6 7. Bg5 d6 8. Bxc6 bxc6 9. dxe5 dxe5 10. Qa4 Qd6 11. Nbd2 Nd7 12. Nc4 Qe6 13. Nfd2 f6 14. Be3 Bxe3 15. Nxe3 Nc5 16. Qa5 Qe7 17. b4 Ne6 18. Nb3 Nf4 19. Rfe1 h5 20. Qc5 Qe8 21. Kh1 Kh8 22. Rad1 h4 23. Na5 Bd7 24. Rd2 g6 25. Red1 Rf7 26. Qc4 Kg7 27. Qa6 c5 28. Qc4 Bb5 29. Qxc5 Ne6 30. Qd5 Nf4 31. Qc5 Ne6 32. Qd5 Nf4 33. Qc5 1/2-1/2

[Event "Bad Zwesten op 9th"]
[Site "Bad Zwesten"]
[Date "2005.01.05"]
[Round "6"]
[White "Maric, Davor"]
[Black "Halt, David"]
[Result "1-0"]
[WhiteElo "2151"]
[BlackElo "1827"]
[PlyCount "73"]
[EventDate "2005.01.02"]
[EventType "swiss"]
[EventRounds "9"]
[EventCountry "GER"]
[SourceTitle "CBM 104 Extra"]
[Source "ChessBase"]
[SourceDate "2005.03.01"]
[SourceVersion "1"]
[SourceVersionDate "2005.03.01"]
[SourceQuality "1"]

1. e4 e5 2. Nf3 Nc6 3. Bc4 Nf6 4. d4 exd4 5. Ng5 Ne5 6. Qxd4 Nxc4 7. Qxc4 d5 8. exd5 h6 9. Ne4 Nxd5 10. 0-0 Be7 11. Rd1 c6 12. Qe2 Qa5 13. c4 Nf6 14. Nxf6+ gxf6 15. Bf4 Be6 16. Nc3 Qf5 17. Rd4 Rg8 18. Bg3 Rg4 19. Re4 Rxe4 20. Nxe4 0-0-0 21. b3 h5 22. Qe3 b6 23. h4 Bc5 24. Nxc5 bxc5 25. Qc3 Kb7 26. Qa5 Rd7 27. b4 Bxc4 28. bxc5 Qc2 29. Qe1 Bb5 30. Bd6 Qe2 31. Qc3 f5 32. a4 Bd3 33. Qh8 Qe4 34. Ra3 Bc4 35. Re3 Qb1+ 36. Kh2 Bd5 37. Qb8+ 1-0

[Event "Bad Zwesten op 9th"]
[Site "Bad Zwesten"]
[Date "2005.01.02"]
[Round "1"]
[White "Benedikt, Alexander"]
[Black "Maric, Davor"]
[Result "0-1"]
[WhiteElo "1555"]
[BlackElo "2151"]
[PlyCount "50"]
[EventDate "2005.01.02"]
[EventType "swiss"]
[EventRounds "9"]
[EventCountry "GER"]
[SourceTitle "CBM 104 Extra"]
[Source "ChessBase"]
[SourceDate "2005.03.01"]
[SourceVersion "1"]
[SourceVersionDate "2005.03.01"]
[SourceQuality "1"]

1. e4 e5 2. Nf3 Nc6 3. Bc4 Nf6 4. d3 Bc5 5. Bg5 h6 6. Bh4 d6 7. h3 Be6 8. Bb5 a6 9. Bxc6+ bxc6 10. c3 g5 11. Bg3 Bb6 12. Qc2 Nh5 13. Bh2 Qf6 14. Qe2 Nf4 15. Bxf4 gxf4 16. Nfd2 Rg8 17. f3 Qh4+ 18. Kd1 Qg3 19. Nf1 Qxg2 20. Qxg2 Rxg2 21. Nbd2 Ke7 22. b3 f5 23. Rc1 fxe4 24. dxe4 Rag8 25. Rc2 Rf2 0-1

[Event "Bad Zwesten op 8th"]
[Site "Bad Zwesten"]
[Date "2004.01.07"]
[Round "9"]
[White "Maric, Davor"]
[Black "Schuette, Marc"]
[Result "0-1"]
[WhiteElo "2108"]
[BlackElo "2311"]
[PlyCount "98"]
[EventDate "2004.01.??"]
[EventType "swiss"]
[EventRounds "9"]
[EventCountry "GER"]
[SourceTitle "CBM 098 Extra"]
[Source "ChessBase"]
[SourceDate "2004.03.10"]
[SourceVersion "2"]
[SourceVersionDate "2004.03.10"]
[SourceQuality "1"]

1. e4 e6 2. d3 d5 3. Nd2 Nc6 4. Ngf3 Nf6 5. c3 e5 6. Be2 Be7 7. 0-0 0-0 8. Qc2 Re8 9. Re1 a5 10. a4 Bg4 11. h3 Bh5 12. Nf1 Bg6 13. Ng3 d4 14. Nh4 Nd7 15. Nhf5 Bh4 16. Bd2 Bxg3 17. Nxg3 Ra6 18. Rad1 Nf8 19. Bf3 f6 20. Bh5 Bxh5 21. Nxh5 Ne6 22. f4 g6 23. f5 Ng7 24. Nxg7 Kxg7 25. fxg6 hxg6 26. c4 Qd7 27. Rf1 Rh8 28. Rf3 Ne7 29. Rdf1 g5 30. Bxg5 fxg5 31. Rf7+ Kg6 32. Qf2 Qe6 33. Qg3 Qxf7 34. Rxf7 Kxf7 35. Qxe5 Rc8 36. Qxg5 Rb6 37. e5 Rg8 38. Qf4+ Ke6 39. Qxd4 Rg5 40. Qc3 Rxe5 41. d4 Re2 42. b3 Kd7 43. d5 Ra2 44. c5 Rg6 45. g4 Nxd5 46. Qd3 Rg5 47. Kf1 Re5 48. h4 Kc8 49. g5 Ne3+ 0-1

[Event "Bad Zwesten op 8th"]
[Site "Bad Zwesten"]
[Date "2004.01.03"]
[Round "3"]
[White "Heck, Norbert"]
[Black "Maric, Davor"]
[Result "1-0"]
[WhiteElo "2308"]
[BlackElo "2108"]
[PlyCount "71"]
[EventDate "2004.01.??"]
[EventType "swiss"]
[EventRounds "9"]
[EventCountry "GER"]
[SourceTitle "CBM 098 Extra"]
[Source "ChessBase"]
[SourceDate "2004.03.10"]
[SourceVersion "2"]
[SourceVersionDate "2004.03.10"]
[SourceQuality "1"]

1. Nf3 Nf6 2. c4 g6 3. g3 Bg7 4. Bg2 0-0 5. 0-0 d6 6. d4 Nbd7 7. Nc3 e5 8. e4 exd4 9. Nxd4 Re8 10. h3 a6 11. Re1 Rb8 12. a4 c6 13. Be3 a5 14. Qc2 Nc5 15. Rad1 Nfd7 16. f4 Qe7 17. Bf2 h5 18. Kh2 Bh6 19. Nf3 Qe6 20. Nd5 Rd8 21. f5 Qe8 22. Nf4 Nf8 23. Bd4 Qe7 24. h4 b6 25. b3 Kh7 26. Bb2 Nfd7 27. fxg6+ fxg6 28. Nxg6 Qf7 29. Rxd6 Rg8 30. Qc3 Ne6 31. Bh3 Ng7 32. Rf1 Qe8 33. Ng5+ Bxg5 34. hxg5 Qxe4 35. Nf8+ Kh8 36. Rh6+ 1-0